A practical Guide to Human Cancer Genetics (Record no. 16521)
[ view plain ]
| 000 -LEADER | |
|---|---|
| fixed length control field | 00485nam a22001817a 4500 |
| 003 - CONTROL NUMBER IDENTIFIER | |
| control field | OSt |
| 005 - DATE AND TIME OF LATEST TRANSACTION | |
| control field | 20170105103443.0 |
| 008 - FIXED-LENGTH DATA ELEMENTS--GENERAL INFORMATION | |
| fixed length control field | 120507t xxu||||| |||| 00| 0 eng d |
| 020 ## - INTERNATIONAL STANDARD BOOK NUMBER | |
| International Standard Book Number | 9780521685634 |
| 040 ## - CATALOGING SOURCE | |
| Transcribing agency | ASAB |
| 100 ## - MAIN ENTRY--PERSONAL NAME | |
| Personal name | Shirely Hodgson |
| 9 (RLIN) | 235 |
| 245 ## - TITLE STATEMENT | |
| Title | A practical Guide to Human Cancer Genetics |
| Statement of responsibility, etc. | Shirely Hodgson and William Foulkes |
| 250 ## - EDITION STATEMENT | |
| Edition statement | 3 rd ed |
| 260 ## - PUBLICATION, DISTRIBUTION, ETC. | |
| Place of publication, distribution, etc. | London |
| Name of publisher, distributor, etc. | Cambridge Press |
| 300 ## - PHYSICAL DESCRIPTION | |
| Extent | 395 |
| 650 ## - SUBJECT ADDED ENTRY--TOPICAL TERM | |
| Topical term or geographic name entry element | Human Cancer Genetics |
| 9 (RLIN) | 236 |
| 942 ## - ADDED ENTRY ELEMENTS (KOHA) | |
| Source of classification or shelving scheme | |
| Koha item type | Book |
| Withdrawn status | Lost status | Source of classification or shelving scheme | Damaged status | Not for loan | Collection code | Permanent Location | Current Location | Date acquired | Total Checkouts | Full call number | Barcode | Date last seen | Copy number | Price effective from | Koha item type |
|---|---|---|---|---|---|---|---|---|---|---|---|---|---|---|---|
| Atta-ur-Rahman School of Applied Biosciences (ASAB) | Atta-ur-Rahman School of Applied Biosciences (ASAB) | 05/07/2012 | 616.99,HOD | ASAB1064 | 05/07/2012 | Photo Copy | 05/07/2012 | Book | |||||||
| Atta-ur-Rahman School of Applied Biosciences (ASAB) | Atta-ur-Rahman School of Applied Biosciences (ASAB) | 05/07/2012 | 616.99,HOD | ASAB1060 | 05/07/2012 | Photo Copy | 05/07/2012 | Book | |||||||
| Atta-ur-Rahman School of Applied Biosciences (ASAB) | Atta-ur-Rahman School of Applied Biosciences (ASAB) | 05/07/2012 | 616.99,HOD | ASAB1062 | 05/07/2012 | Photo Copy | 05/07/2012 | Book | |||||||
| Atta-ur-Rahman School of Applied Biosciences (ASAB) | Atta-ur-Rahman School of Applied Biosciences (ASAB) | 05/07/2012 | 616.99,HOD | ASAB1063 | 05/07/2012 | Photo Copy | 05/07/2012 | Book | |||||||
| Atta-ur-Rahman School of Applied Biosciences (ASAB) | Atta-ur-Rahman School of Applied Biosciences (ASAB) | 05/07/2012 | 616.99,HOD | ASAB1061 | 05/07/2012 | Photo Copy | 05/07/2012 | Book |
